Estadísticas para Países que Terminan en N

Haz click aquí para tomar la prueba!

Estadísticas generales

  • Esta prueba ha sido tomada 3.169 veces
  • La puntuación promedio es 14 de 21

Estadísticas de respuestas

País% Correcto
Pakistán
88%
Afganistán
86%
Uzbekistán
84%
Kazajistán
83%
Turkmenistán
82%
Irán
82%
Kirguistán
80%
Tayikistán
79%
Omán
72%
Japón
71%
Azerbaiyán
71%
Bután
69%
Yemen
67%
Sudán
65%
Gabón
52%
Benín
51%
Baréin
51%
Camerún
45%
Taiwán
45%
Liechtenstein
33%
Islas Salomón
32%

Distribución de puntuación

Porcentaje por número respondido

Porcentaje de gente con cada puntuación

Historial de tus puntuaciones

No has tomado esta prueba